000 00910nam a2200277 a 4500
001 69838
003 BD-RjUL
005 20211209081930.0
008 170413s2004 ii a b 001 0 eng d
020 _a8120325001
035 _a(BD-RjUL)70050
040 _aDLC
_cDLC
_dDLC
_beng
041 _aeng
082 0 0 _a660.6
_223
_bFIE 2004
100 1 _aFitch, J. Patrick.
_9206848
245 1 3 _aAn engineering introduction to biotechnology /
_cJ. Patrick Fitch.
260 _aNew Delhi :
_bPrentice hall of india,
_cc2004.
300 _axiii, 127 p. :
_bill. ;
_c25 cm.
504 _aIncludes bibliographical references and index.
650 0 _aBiotechnology.
_9206850
650 0 _aGenetic engineering.
_9206851
830 _aTutorial texts in optical engineering ;
_vv. TT55
_9206855
942 _2ddc
_cBK
999 _c69838
_d69838